There's More to Life Than Making a Living (Record no. 11286)

MARC details
000 -LEADER
fixed length control field 00628nam a2200241 a 4500
001 - CONTROL NUMBER
control field 0001-1286
003 - CONTROL NUMBER IDENTIFIER
control field ELIB.Books
008 - FIXED-LENGTH DATA ELEMENTS--GENERAL INFORMATION
fixed length control field 150630 2010 eng
020 ## - INTERNATIONAL STANDARD BOOK NUMBER
International Standard Book Number 9780446555944
035 ## - SYSTEM CONTROL NUMBER
System control number (ELIB.Books)0001-1441
092 ## - LOCALLY ASSIGNED DEWEY CALL NUMBER (OCLC)
Classification number 248.4
Item number McD
100 ## - MAIN ENTRY--PERSONAL NAME
Personal name McDowell, Jack C.
245 ## - TITLE STATEMENT
Title There's More to Life Than Making a Living
260 ## - PUBLICATION, DISTRIBUTION, ETC. (IMPRINT)
Place of publication, distribution, etc. New York
Name of publisher, distributor, etc. Faith Words
Date of publication, distribution, etc. 2009
300 ## - PHYSICAL DESCRIPTION
Extent 188
Dimensions 21 Cm
500 ## - GENERAL NOTE
General note Library
650 ## - SUBJECT ADDED ENTRY--TOPICAL TERM
Topical term or geographic name as entry element Christian Life
856 ## - ELECTRONIC LOCATION AND ACCESS
Name of location of host KBTS: Library
Uniform Resource Identifier <a href="KBTS: Elib">KBTS: Elib</a>
942 ## - ADDED ENTRY ELEMENTS (KOHA)
Source of classification or shelving scheme Dewey Decimal Classification
Koha item type Books
990 ## - EQUIVALENCES OR CROSS-REFERENCES [LOCAL, CANADA]
Link information for 9XX fields 2
998 ## - LOCAL CONTROL INFORMATION (RLIN)
Cataloger's initials, CIN (RLIN) bat
-- 2015-06-30
-- cat
-- 2019-06-19
Holdings
Withdrawn status Lost status Source of classification or shelving scheme Damaged status Not for loan Home library Current library Date acquired Total Checkouts Barcode Date last seen Bill Date Koha item type
    Dewey Decimal Classification     Karen Baptist Theological Seminary Library Karen Baptist Theological Seminary Library 30/06/2015   15552, 15577 22/01/2022 22/01/2022 Books
Implemented & Customized by: BestBookBuddies

Powered by Koha